| 000 | 00453nam a2200133Ia 4500 | ||
|---|---|---|---|
| 008 | 160809s9999 xx 000 0 und d | ||
| 100 | _aShahmohammadi, Gholamreza. | ||
| 245 | _aReliability Evaluation of Software Architecture | ||
| 245 | _cGholamreza Shahmohammadi, Olum Entazami Amin. | ||
| 260 | _bComputer Science and Information Technology | ||
| 260 | _cJanuary 2016 | ||
| 650 | _xINFORMATION TECHNOLOGY | ||
| 856 | _uhttp://airccse.org/V6N48.html | ||
| 999 |
_c300041 _d300041 |
||